Geography by Letter on the World Map - W - Statistics

General Stats
  • This quiz has been taken 835 times
  • The average score is 11 of 15
Answers on the Map
Answers color-coded by a green-red scale on the quiz's map according to % correct below.
 
Answer Stats
Answer % Correct
Warsaw
96%
Wellington
95%
Wyoming
95%
Western Australia
90%
White House
86%
Western Sahara
85%
Wuhan
84%
Wales
83%
Windhoek
78%
West Bank
76%
Waterloo
64%
Lake Winnipeg
54%
White Nile
54%
Mount Whitney
28%
Lake Winnebago
12%
No matching quizzes found
Score Distribution
Percent of People with Each Score
Percentile by Number Answered
Your Score History
You have not taken this quiz